00895nam a2200181 i 450000100060000000300090000600500170001500700030003200800410003510000290007624500670010526000590017230000220023150503000025385200220055399900170057595201210059234813ES-MaACL20230906155012.0t|030211s1919 fr ||||1| fre d1 aBossert, Adolphe.93071410aEtudes historiques et figures alsaciennes / cAdolphe Bossert. aParís : b[s.n., c1919] (eSaint-Germain : fLevoy) a294 p. ; c19 cm.8 aContiene: Avant et apres Jena. Kant et la paise perpetuelle. La politique francaise de Goethe. Goethe continuater d'Homere. Goethe a l'ecole de Voltaire. Madame Lucifer. La decadence du sens historique en Allemagne. Erckman Chatrian. La legende de Sainte Obile. Heracle de Lausperg. Para Oberlin aES-MaACLjF-10748 c34813d34813 00104070aATENEOMbATENEOMcSPP2d2008-01-17eSCl0oF-10748p1036338r2023-02-23 00:00:00w2023-02-23yMONOGRAFIA